书目信息 |
| 题名: |
吸烟.酗酒及药物滥用的危害与戒除
|
|
| 作者: | 陈世铭 主编 | |
| 分册: | ||
| 出版信息: | 北京 化学工业出版社 2000 |
|
| 页数: | 125 | |
| 开本: | 20cm | |
| 丛书名: | 生活环境中有害因素防护丛书 | |
| 单 册: | ||
| 中图分类: | R163 | |
| 科图分类: | ||
| 主题词: | 个人卫生 | |
| 电子资源: | ||
| ISBN: | 7-5025-2793-1 | |
| 000 | 00648nam0 2200205 450 | |
| 001 | 0754114953 | |
| 005 | 20070929150154.95 | |
| 010 | @a7-5025-2793-1 | |
| 100 | @a20070929d km y0chiy0120 ea | |
| 101 | 0 | @achi |
| 200 | 1 | @a吸烟.酗酒及药物滥用的危害与戒除@Axi yan.xu jiu ji yao wu lan yong de wei hai yu jie chu@f陈世铭 主编@Fchen shi ming zhu bian |
| 210 | @a北京@c化学工业出版社@d2000 | |
| 215 | @a125@d20cm | |
| 225 | 2 | @a生活环境中有害因素防护丛书 |
| 410 | 0 | @12001 @a生活环境中有害因素防护丛书 |
| 606 | 0 | @a个人卫生 |
| 690 | @aR163@v3 | |
| 701 | 0 | @a陈世铭@Achen shi ming@4主编 |
| 801 | 0 | @aCN@bPFT@c20070929 |
| 905 | @a213230@dR163@eh6@f1 | |
| 吸烟.酗酒及药物滥用的危害与戒除/陈世铭 主编.-北京:化学工业出版社,2000 |
| 125;20cm.-(生活环境中有害因素防护丛书) |
| ISBN 7-5025-2793-1: |
| ● |
| 相关链接 |
|
|
|
|
正题名:吸烟·酗酒及药物滥用的危害与戒除
索取号:R163/h6
 
预约/预借
| 序号 | 登录号 | 条形码 | 馆藏地/架位号 | 状态 | 备注 |
| 1 | 6000930 | 260009305 | 化学系资料室/ [索取号:R163/h6] | 在馆 |